000
00279nam a22001337a 4500
020
_a
0-7214-0178-3
082
_a
920
_b
PEA/C
100
_a
PEACH, L D U GARDE
245
_a
CHARLES DICKENS
260
_a
USA
_b
LADY BIRD
300
_a
50
650
_a
BIOGRAPHY
_z
USA
942
_c
BK
999
_c
6314
_d
6314